000 00535nam a22001697a 4500
005 20251108175105.0
008 250721s2012 xx 000 0 ara d
082 1 4 _aم/216.534/مصر
100 1 _aالمصري، محمود
245 1 0 _aالفقة الميسر للمرأة المسلمة /
264 1 _aالقاهرة :
_bدار التقوى للطبع و النشر،
_c2012.
300 _a1024ص.
650 1 7 _aالفقه الاسلامي
650 1 7 _aالمرأة المسلمة
942 _2ddc
_cREF
999 _c125940
_d125940